00519nam a2200181Ia 4500003000900000008004100009020001800050040001600068080001300084100001600097245008700113260003000200300001000230490003500240650001500275650002600290650002100316IN-BaIIA211028s9999 xx 000 0 eng d a0-240-44900-2 cIIA Library a535bCOX aCox, Arthur 0aPhotographic opticsba modern approach to the technique of definitionscArthur Cox aLondonbFocal Pressc1971 a502p. aThe manuals of photo-technique a Optics  a Photographic optics aNASA Thesaurus